书目信息 |
| 题名: |
地球与海洋
|
|
| 作者: | 范时清 编著 | |
| 分册: | ||
| 出版信息: | 北京 科学出版社 1982 |
|
| 页数: | 248页 | |
| 开本: | 19cm | |
| 丛书名: | ||
| 单 册: | ||
| 中图分类: | P311.2 | |
| 科图分类: | ||
| 主题词: | 大陆起源 , 海洋起源 | |
| 电子资源: | ||
| ISBN: | ||
| 000 | 00598nam0 2200241 45 | |
| 001 | 0182006019 | |
| 005 | 20060810103400.89 | |
| 010 | @dCNY1.70 | |
| 091 | @a13031.1785 | |
| 100 | @a19950606d1982 em y0chiy0121 ea | |
| 101 | 0 | @achi |
| 102 | @aCN@b110000 | |
| 105 | @ay z 000yy | |
| 200 | 10 | @a地球与海洋@Adi qiu yu hai yang@f范时清编著 |
| 210 | @a北京@c科学出版社@d1982 | |
| 215 | @a248页@d19cm | |
| 606 | @a大陆起源 | |
| 606 | @a海洋起源 | |
| 690 | @aP311.2@v3 | |
| 701 | 0 | @a范时清@Afan shi qing@4编著 |
| 801 | 2 | @aCN@bNLC@c20060810 |
| 801 | 0 | @aCN@bTSSF |
| 905 | @a10447@dP311.2@e73 | |
| 地球与海洋/范时清编著.-北京:科学出版社,1982 |
| 248页;19cm |
| ISBN :CNY1.70 |
| ● |
| 相关链接 |
|
|
|
|
正题名:地球与海洋
索取号:P311.2/73
 
预约/预借
| 序号 | 登录号 | 条形码 | 馆藏地/架位号 | 状态 | 备注 |
| 1 | 0452117 | 204521179 | 密集书库/ [索取号:P311.2/73] | 在馆 | |
| 2 | 0452118 | 204521188 | 密集书库/ [索取号:P311.2/73] | 在馆 | |
| 3 | 0452119 | 204521197 | 密集书库/ [索取号:P311.2/73] | 在馆 |